000 00925nmc a2200313 a 4500
003 AR-BaBNM
005 20251128210449.0
008 250020s1992 ||||||||||||||000 | spa||
020 _a958-04-2126-9
040 _cAR-BaBNM
100 1 _aTolstoi, Lev Nikolaevich
_d1828-1910
245 1 0 _aLa muerte de Iván Ilich ;
_bA propósito de León Tolstoi y su obra ; traducido por Irene Andrescu y Laura Andrescu
250 _a1ª ed.
260 _aSantafé de Bogotá
_bNorma
_c1992
300 0 _ap. irreg.
490 0 _aCara y cruz
500 0 _aContiene estudios sobre la obra de
500 0 _aReferencias bibliográficas
650 4 _aLITERATURA RUSA
650 4 _aLITERATURA MODERNA
650 4 _aLITERATURA POPULAR
650 4 _aNOVELAS
650 4 _aREALISMO
655 _aLITERATURA
700 1 _aAndrescu, Irene
_etraductor
700 1 _aAndrescu, Laura
_etraductor
942 _cBK
998 _cMARTIN
999 _c15551
_d15551